[Event "Washington Chess Congress"]
[Site "Washington D.C."]
[Date "2015.10.12"]
[Round "9.6"]
[White "Wang, Justin"]
[Black "Velikanov, Alexander"]
[Result "0-1"]
[WhiteElo "2046"]
[BlackElo "2304"]
[PlyCount "116"]
[EventDate "2015.10.??"]
[EventType "swiss"]
[EventRounds "9"]
[EventCountry "USA"]

1. e4 c5 2. c3 d5 3. exd5 Qxd5 4. d4 Nf6 5. Nf3 e6 6. Be2 Nc6 7. O-O Be7 8. Na3
cxd4 9. Nb5 Qd8 10. Nfxd4 Nxd4 11. Qxd4 Qxd4 12. cxd4 O-O 13. Nc7 Rb8 14. Bf4
Bd7 15. Rac1 Bc6 16. Bc4 Rfd8 17. Nxe6 fxe6 18. Bxe6+ Kf8 19. Bxb8 Rxb8 20.
Rfe1 Rd8 21. Rcd1 Nd5 22. g3 Bf6 23. Bf5 g6 24. Be4 Kf7 25. a3 Rd6 26. Bc2 Nb6
27. Bb3+ Kg7 28. d5 Nxd5 29. Rd2 Rd7 30. Red1 Nb6 31. f4 Re7 32. Kf2 Na4 33.
Bxa4 Bxa4 34. Re1 Rc7 35. Re4 Bc2 36. Ree2 Bf5 37. Rd5 Rc1 38. Kg2 Rb1 39. Rdd2
h5 40. h3 b6 41. Kh2 Kf7 42. Kg2 Be7 43. Re5 Bc8 44. b4 Bf5 45. Re3 Bf6 46.
Rde2 Rd1 47. Re1 Rd7 48. R1e2 Bd4 49. Rf3 Be6 50. f5 Bd5 51. fxg6+ Kxg6 52. Rd2
Bb7 53. Rdd3 Rf7 54. Rxd4 Rxf3 55. Kh2 Rxa3 56. Rd7 Be4 57. b5 Ra1 58. Rd6+ Kf5
0-1

[Event "Washington Chess Congress"]
[Site "Washington D.C."]
[Date "2015.10.12"]
[Round "9.7"]
[White "Sena, Juan Oscar"]
[Black "Zlotnikov, Mikhail"]
[Result "0-1"]
[WhiteElo "2101"]
[BlackElo "2281"]
[PlyCount "52"]
[EventDate "2015.10.??"]
[EventType "swiss"]
[EventRounds "9"]
[EventCountry "USA"]

1. d4 g6 2. Nf3 Bg7 3. c4 d6 4. Nc3 Nf6 5. e4 O-O 6. Be2 Nbd7 7. O-O e5 8. Qc2
exd4 9. Nxd4 Re8 10. Rd1 c6 11. Bf4 Qe7 12. Bg5 a6 13. f3 b6 14. Bh4 Ne5 15. g4
b5 16. cxb5 axb5 17. Kh1 b4 18. Nxc6 Nxc6 19. Nd5 Nxd5 20. Bxe7 Ndxe7 21. Bb5
Be6 22. Rxd6 b3 23. Qc1 Rxa2 24. Rxa2 bxa2 25. Qa1 Ra8 26. Rd2 Nd4 0-1

[Event "Washington Chess Congress"]
[Site "Washington D.C."]
[Date "2015.10.12"]
[Round "9.8"]
[White "Brodsky, David"]
[Black "Bhatty, Karan"]
[Result "1-0"]
[WhiteElo "2251"]
[BlackElo "2093"]
[PlyCount "81"]
[EventDate "2015.10.??"]
[EventType "swiss"]
[EventRounds "9"]
[EventCountry "USA"]

1. e4 c5 2. Nf3 Nc6 3. d4 cxd4 4. Nxd4 e5 5. Nb5 d6 6. c4 Be7 7. N1c3 a6 8. Na3
Be6 9. Be3 Nf6 10. Be2 Rc8 11. O-O O-O 12. Qd2 Na5 13. Nd5 Bxd5 14. cxd5 b5 15.
f3 Nb7 16. Nc2 Nd7 17. Nb4 Nbc5 18. Nc6 Qe8 19. b4 Na4 20. Rfc1 Nb8 21. Nxb8
Rxb8 22. Rc6 Ra8 23. Rac1 f5 24. Bg5 fxe4 25. fxe4 h6 26. Bxe7 Qxe7 27. Rc7 Qh4
28. Qe3 Kh7 29. Qg3 Qf6 30. Rf1 Qg6 31. Qxg6+ Kxg6 32. Rfc1 Rf4 33. Rd7 Nb2 34.
g3 Rxe4 35. Rc2 Rxe2 36. Rxd6+ Kf5 37. Rxe2 Nd3 38. Re3 Nxb4 39. Re6 Nxa2 40.
R3xe5+ Kg4 41. Kg2 1-0

[Event "Washington Chess Congress"]
[Site "Washington D.C."]
[Date "2015.10.12"]
[Round "9.9"]
[White "Taborsky, Rostislav"]
[Black "Gorti, Akshita"]
[Result "1-0"]
[WhiteElo "2220"]
[BlackElo "2211"]
[PlyCount "83"]
[EventDate "2015.10.??"]
[EventType "swiss"]
[EventRounds "9"]
[EventCountry "USA"]

1. d4 e6 2. c4 Nf6 3. g3 d5 4. Nf3 dxc4 5. Bg2 Nc6 6. O-O Rb8 7. a4 a6 8. e3 b5
9. axb5 axb5 10. b3 cxb3 11. Bb2 Be7 12. Qxb3 O-O 13. Rc1 Rb6 14. Nbd2 Bd7 15.
Ne1 Bb4 16. Bc3 Be7 17. Nd3 b4 18. Bb2 Be8 19. Nc4 Rb8 20. Ra6 Nd5 21. Rca1 Bf6
22. Bc1 g6 23. h4 Nce7 24. Bd2 Bb5 25. R6a2 Nc6 26. Na5 Nxa5 27. Rxa5 Be7 28.
Ra7 c6 29. Ne5 c5 30. dxc5 Bxc5 31. R7a5 Qf6 32. Rc1 Rfc8 33. Nd7 Bxd7 34.
Raxc5 Rxc5 35. Rxc5 Ra8 36. e4 Ra1+ 37. Rc1 Rxc1+ 38. Bxc1 Qc3 39. Qd1 Nb6 40.
Be3 Nc4 41. Bh6 Be8 42. Qd8 1-0

[Event "Washington Chess Congress"]
[Site "Washington D.C."]
[Date "2015.10.12"]
[Round "9.10"]
[White "Balck, Eric"]
[Black "Darmonovic, Srdjan"]
[Result "1-0"]
[WhiteElo "1974"]
[BlackElo "2211"]
[PlyCount "95"]
[EventDate "2015.10.??"]
[EventType "swiss"]
[EventRounds "9"]
[EventCountry "USA"]

1. e4 c6 2. d4 d5 3. Nc3 dxe4 4. Nxe4 Bf5 5. Ng3 Bg6 6. h4 h6 7. h5 Bh7 8. Nf3
Nd7 9. Bd3 Bxd3 10. Qxd3 e6 11. Bd2 Ngf6 12. O-O-O Be7 13. Ne4 Nxe4 14. Qxe4
Nf6 15. Qe2 Qd5 16. c4 Qe4 17. Qxe4 Nxe4 18. Be3 Nd6 19. b3 b5 20. c5 Ne4 21.
Kc2 O-O 22. Ne5 Rac8 23. f3 Nf6 24. f4 Nd5 25. Bc1 Bf6 26. Nf3 b4 27. Bd2 a5
28. g4 a4 29. g5 hxg5 30. fxg5 Be7 31. h6 g6 32. Ne5 axb3+ 33. axb3 Kh7 34.
Rde1 Rc7 35. Nd3 Ra7 36. Rhf1 Ra2+ 37. Nb2 Nc7 38. Re4 Nd5 39. Ree1 Nc3 40.
Bxc3 bxc3 41. Kxc3 Bxg5 42. Rxe6 Kxh6 43. Rxc6 f5 44. Rh1+ Kg7 45. Rg1 Bf6 46.
Nd3 g5 47. Nf4 Rf7 48. Ne6+ 1-0

[Event "Washington Chess Congress"]
[Site "Washington D.C."]
[Date "2015.10.12"]
[Round "9.11"]
[White "Currie, James"]
[Black "Karell, Leif"]
[Result "0-1"]
[WhiteElo "2043"]
[BlackElo "1961"]
[PlyCount "50"]
[EventDate "2015.10.??"]
[EventType "swiss"]
[EventRounds "9"]
[EventCountry "USA"]

1. e4 c6 2. d3 d5 3. Nd2 g6 4. g3 Bg7 5. Bg2 e5 6. exd5 cxd5 7. c4 dxc4 8. dxc4
Ne7 9. b4 O-O 10. Bb2 Nbc6 11. a3 Rb8 12. Ne2 Bg4 13. Nb3 Nd4 14. Nbxd4 exd4
15. f3 Be6 16. Rc1 Nf5 17. Qd2 Ne3 18. Nxd4 Nxc4 19. Rxc4 Bxc4 20. Kf2 Qb6 21.
Rd1 Rbd8 22. Qc3 Bb5 23. f4 Rxd4 24. Kf3 Rfd8 25. Rxd4 Bxd4 0-1

[Event "Washington Chess Congress"]
[Site "Washington D.C."]
[Date "2015.10.12"]
[Round "9.12"]
[White "Jian, Alex"]
[Black "Huang, Andy"]
[Result "0-1"]
[WhiteElo "1907"]
[BlackElo "1965"]
[PlyCount "62"]
[EventDate "2015.10.??"]
[EventType "swiss"]
[EventRounds "9"]
[EventCountry "USA"]

1. d4 d5 2. c4 c6 3. Nf3 Nf6 4. Nc3 e6 5. e3 Nbd7 6. Qc2 Be7 7. b3 O-O 8. Bd3
b6 9. e4 dxe4 10. Nxe4 Bb7 11. Bb2 c5 12. Nxf6+ Nxf6 13. dxc5 Bxc5 14. O-O-O
Qe7 15. Ng5 h6 16. h4 Ba3 17. Bxa3 Qxa3+ 18. Kb1 a5 19. Nh7 Nxh7 20. Bxh7+ Kh8
21. Rd7 Bc6 22. Rc7 Bxg2 23. Rd1 a4 24. f4 axb3 25. Qxg2 bxa2+ 26. Ka1 Kxh7 27.
Qc2+ Kg8 28. Rdd7 Qf3 29. Rb7 Qxf4 30. Rxb6 Qf6+ 31. Qb2 Qf1+ 0-1

[Event "Washington Chess Congress"]
[Site "Washington D.C."]
[Date "2015.10.12"]
[Round "9.13"]
[White "Paul, Justin"]
[Black "Tia Jr, Rudy"]
[Result "1-0"]
[WhiteElo "1926"]
[BlackElo "2146"]
[PlyCount "77"]
[EventDate "2015.10.??"]
[EventType "swiss"]
[EventRounds "9"]
[EventCountry "USA"]

1. Nf3 d6 2. d4 Bg4 3. g3 e6 4. Bg2 d5 5. Ne5 Bh5 6. c4 c6 7. cxd5 exd5 8. Nc3
Nf6 9. O-O Bd6 10. Bf4 Na6 11. Qa4 O-O 12. Nxc6 Qd7 13. Bxd6 Qxd6 14. Ne5 Nc7
15. e3 Rfb8 16. Rac1 b5 17. Qc2 Ne6 18. Qb3 Nc7 19. Nb1 a5 20. Rc6 Qd8 21. Rfc1
Na6 22. a3 Bg6 23. Nd2 Bf5 24. Qd1 a4 25. Ndf3 h6 26. Nh4 Be6 27. Nhg6 Rb6 28.
Nf4 b4 29. Rxb6 Qxb6 30. Qxa4 bxa3 31. Qxa3 Nc7 32. Qe7 Nce8 33. Nxe6 fxe6 34.
Bh3 Qxb2 35. Bxe6+ Kh7 36. Bf5+ Kg8 37. Qf7+ Kh8 38. Qf8+ Ng8 39. Nf7# 1-0

[Event "Washington Chess Congress"]
[Site "Washington D.C."]
[Date "2015.10.12"]
[Round "9.14"]
[White "Rahman, Agusto"]
[Black "Stancil, Kimani A"]
[Result "0-1"]
[WhiteElo "2046"]
[BlackElo "2042"]
[PlyCount "96"]
[EventDate "2015.10.??"]
[EventType "swiss"]
[EventRounds "9"]
[EventCountry "USA"]

1. Nf3 Nf6 2. g3 d6 3. c4 e5 4. Nc3 Nc6 5. Bg2 Be6 6. d3 Qd7 7. O-O h6 8. Re1
Bh3 9. Bh1 Be7 10. Bd2 O-O 11. Rb1 Ng4 12. b4 f5 13. b5 Nd8 14. e3 Ne6 15. Nd5
Bd8 16. Bc1 c6 17. bxc6 bxc6 18. Nb4 Rc8 19. d4 e4 20. d5 exf3 21. dxe6 Qxe6
22. Bxf3 Ne5 23. Be2 {Draw Offer} Bb6 24. Nd3 g5 25. Nxe5 Qxe5 26. Bb2 Qe6 27.
Qc2 Rf7 28. c5 Bxc5 29. Bc4 d5 30. Ba6 Bb6 31. Bxc8 Qxc8 32. Qc3 Kh7 33. Qe5
Bc7 34. Qc3 Bb6 35. Ba1 Qe6 36. Qe5 Qd7 37. Qh8+ Kg6 38. Qg8+ Kh5 39. Qh8 Qe6
40. Qe5 Qd7 41. Bd4 c5 42. Bc3 Re7 43. Qf6 d4 44. Bd2 Qd5 45. g4+ fxg4 46. f3
gxf3 47. e4 Rxe4 48. Qxf3+ Rg4+ 0-1

[Event "Washington Chess Congress"]
[Site "Washington D.C."]
[Date "2015.10.12"]
[Round "9.15"]
[White "Mays, Shelly"]
[Black "Macaspac, Arthur"]
[Result "0-1"]
[WhiteElo "2033"]
[BlackElo "2083"]
[PlyCount "112"]
[EventDate "2015.10.??"]
[EventType "swiss"]
[EventRounds "9"]
[EventCountry "USA"]

1. d4 d5 2. Nf3 Nf6 3. e3 Bg4 4. c4 Bxf3 5. Qxf3 e6 6. Nc3 c6 7. cxd5 cxd5 8.
Bd3 Nc6 9. Bd2 Bb4 10. Qg3 O-O 11. f4 Ne7 12. Qf3 Nf5 13. g4 Nd6 14. g5 Bxc3
15. Bxc3 Nfe4 16. Qh5 a5 17. O-O g6 18. Qh6 f6 19. Bxe4 Nxe4 20. gxf6 Rxf6 21.
Be1 Qb6 22. Qh3 Raf8 23. Bh4 R6f7 24. Rac1 Re8 25. Rc2 a4 26. Rfc1 Nd6 27. a3
Nc4 28. Kh1 Qb3 29. Bg5 Qd3 30. Kg1 b5 31. Rc3 Qe4 32. Qg2 Qf5 33. b3 axb3 34.
Rxb3 Rb8 35. Qe2 Rfb7 36. Rcb1 Kg7 37. Bh4 Qe4 38. Be1 Nxa3 39. Ra1 Nc2 40. Ra2
Nxe1 41. Qxe1 b4 42. Rab2 Kh8 43. Qh4 g5 44. Qh6 gxf4 45. Rg2 Rg8 46. Rxg8+
Kxg8 47. exf4 Qxd4+ 48. Kg2 Qe4+ 49. Kh3 Qf5+ 50. Kg2 Qc2+ 51. Kf1 Qxb3 52.
Qxe6+ Rf7 53. Qe8+ Kg7 54. Qe5+ Rf6 55. Qe7+ Kg6 56. Qe8+ Kh6 0-1

[Event "Washington Chess Congress"]
[Site "Washington D.C."]
[Date "2015.10.12"]
[Round "9.16"]
[White "Balkhamishvili, Tamar"]
[Black "Potula, Kapish"]
[Result "1-0"]
[WhiteElo "2065"]
[BlackElo "1902"]
[PlyCount "79"]
[EventDate "2015.10.??"]
[EventType "swiss"]
[EventRounds "9"]
[EventCountry "USA"]

1. e4 e6 2. d4 d5 3. Nc3 Nf6 4. Bg5 Be7 5. e5 Nfd7 6. Bxe7 Qxe7 7. Qg4 O-O 8.
f4 a6 9. Nf3 c5 10. Bd3 f5 11. Qh5 cxd4 12. Ne2 Nc6 13. O-O-O Nc5 14. Nexd4 Ne4
15. Bxe4 fxe4 16. Ng5 h6 17. Nh3 Bd7 18. Kb1 Rac8 19. Qe2 Qc5 20. Nb3 Qb6 21.
g4 a5 22. g5 a4 23. Nc1 hxg5 24. Nxg5 Rxf4 25. Qh5 Nxe5 26. Rhf1 Rf2 27. Qh7+
Kf8 28. Qh8+ Ke7 29. Qxg7+ Ke8 30. Qxe5 Rcxc2 31. Rxf2 Rxf2 32. Qh8+ Rf8 33.
Qg7 Qc7 34. Nh7 Rf7 35. Nf6+ Ke7 36. Ng8+ Ke8 37. Qg6 Kf8 38. Nh6 Rf2 39. Rd2
Rxd2 40. Qf7# 1-0

[Event "Washington Chess Congress"]
[Site "Washington D.C."]
[Date "2015.10.12"]
[Round "9.17"]
[White "Strenzwilk, Denis"]
[Black "Prieto, Alberto"]
[Result "1-0"]
[WhiteElo "1852"]
[BlackElo "2010"]
[PlyCount "95"]
[EventDate "2015.10.??"]
[EventType "swiss"]
[EventRounds "9"]
[EventCountry "USA"]

1. e4 e5 2. Nf3 Nc6 3. Bb5 Nge7 4. d4 exd4 5. Nxd4 Nxd4 6. Qxd4 Nc6 7. Qd5 Be7
8. O-O O-O 9. Nc3 a6 10. Be2 d6 11. Be3 Be6 12. Qd2 f5 13. exf5 Bxf5 14. Nd5
Kh8 15. c4 Ne5 16. f3 h6 17. Rad1 Qe8 18. Nxc7 Qc6 19. Nxa8 Rxa8 20. b3 Re8 21.
Kh1 Bf8 22. Bd4 Bh7 23. f4 Nd7 24. Bf3 Qc8 25. Rfe1 Rxe1+ 26. Rxe1 Nc5 27. Bxc5
dxc5 28. Qd5 Qb8 29. g3 b5 30. cxb5 axb5 31. Qb7 Qd8 32. Qxb5 Qd2 33. Qe2 Qc3
34. Bd5 Bg6 35. Qe3 Qb4 36. Re2 Bf5 37. Kg2 c4 38. bxc4 Bd7 39. h3 Qb1 40. Qe4
Qd1 41. Qc2 Qd4 42. Qg6 Qd1 43. Bf3 Qa1 44. Qf7 Bc5 45. Re8+ Bxe8 46. Qxe8+ Kh7
47. Be4+ g6 48. Qxg6+ 1-0

[Event "Washington Chess Congress"]
[Site "Washington D.C."]
[Date "2015.10.12"]
[Round "9.18"]
[White "Dommalapati, Aasa"]
[Black "De Fotis, Gary"]
[Result "1/2-1/2"]
[WhiteElo "1646"]
[BlackElo "1998"]
[PlyCount "106"]
[EventDate "2015.10.??"]
[EventType "swiss"]
[EventRounds "9"]
[EventCountry "USA"]

1. e4 c5 2. Nf3 d6 3. Bb5+ Nd7 4. O-O Ngf6 5. Re1 a6 6. Bd3 g6 7. c3 Bg7 8. Bc2
O-O 9. d4 Qc7 10. Nbd2 Rb8 11. b3 b5 12. Bb2 Bb7 13. Nf1 b4 14. cxb4 cxb4 15.
Rc1 Qb6 16. Ng3 a5 17. Nd2 Ba6 18. Kh1 Rbc8 19. f4 h5 20. Nf3 Bh6 21. Ng5 h4
22. Nf1 Bxf1 23. Rxf1 Rc7 24. Qe1 Rfc8 25. Qxh4 Bxg5 26. fxg5 Rxc2 27. gxf6
Rxc1 28. Bxc1 Nxf6 29. e5 Nd5 30. Qg4 Qc7 31. h4 dxe5 32. dxe5 e6 33. Qg5 Qe7
34. Qg4 Kh7 35. h5 Rg8 36. Bg5 f6 37. Bxf6 Qf7 38. hxg6+ Rxg6 39. Qh4+ Rh6 40.
Qxh6+ Kxh6 41. Bg5+ Kg6 42. Rxf7 Kxf7 43. Bd8 Nc3 44. Bxa5 Nxa2 45. Kh2 Kg6 46.
g4 Nc1 47. Bxb4 Nxb3 48. Kg3 Nd4 49. Bc5 Nb5 50. Be7 Nc3 51. Bf6 Ne4+ 52. Kf4
Nxf6 53. exf6 Kxf6 1/2-1/2

[Event "Washington Chess Congress"]
[Site "Washington D.C."]
[Date "2015.10.12"]
[Round "9.19"]
[White "Collier, Philip"]
[Black "Trifale, Sharvil"]
[Result "1/2-1/2"]
[WhiteElo "1837"]
[BlackElo "1901"]
[PlyCount "57"]
[EventDate "2015.10.??"]
[EventType "swiss"]
[EventRounds "9"]
[EventCountry "USA"]

1. Nf3 Nf6 2. g3 g6 3. Bg2 Bg7 4. O-O O-O 5. c4 d6 6. d4 c6 7. Nc3 Qa5 8. h3 e5
9. e4 Be6 10. d5 cxd5 11. cxd5 Bd7 12. a3 b5 13. Bd2 Qb6 14. Be3 Qb7 15. Ne1
Rc8 16. Nd3 a5 17. Qe2 Na6 18. Rac1 b4 19. Nb1 Bb5 20. Rfe1 Nd7 21. Qd2 Bxd3
22. Qxd3 Nac5 23. Bxc5 Nxc5 24. Qe3 bxa3 25. Nxa3 Nb3 26. Nc4 Qb4 27. Rc3 Nd4
28. Bf1 Bf8 29. Rec1 1/2-1/2